Zur Tonverschmelzung im Altaegyptischen /

محفوظ في:

المؤلف الرئيسي: Abel, Hans, 1883-

التنسيق: كتاب

اللغة: German

منشور في: Leipzig : J.C. Hinrichs'sche Buchhandlung, 1910.

سلاسل: Letzte Aegyptiaca ; [1].

الموضوعات:

الوسوم: إضافة وسم

لا توجد وسوم, كن أول من يضع وسما على هذه التسجيلة!

رقم الطلب: PJ1151 .A18

LEADER 00615nam a22002057a 4500
003 OSt
005 20251013130252.0
008 251013t1910 gw 000 0 ger d
040 |c ARCE Library 
050 1 4 |a PJ1151  |b .A18 
100 1 |a Abel, Hans,   |d 1883- 
245 1 0 |a Zur Tonverschmelzung im Altaegyptischen /   |c von Hans Abel. 
264 1 |a Leipzig :   |b J.C. Hinrichs'sche Buchhandlung,   |c 1910. 
300 |a iv, 94 p. ;   |c 27 cm. 
490 0 |a Letzte Aegyptiaca ;   |v [1]. 
650 0 |a Egyptian language -- Grammar. 
650 0 |a Egyptian language -- Phonology. 
901 |a reviewed 
942 |2 lcc  |c BK 
999 |c 49483  |d 49483